000 01192nam a2200205 a 4500
003 AM-YEHGA
005 20260402094247.0
008 260202s1909 tu ||||r|||| 00| 1darm d
040 _aAM-YEHGA
041 _aarm
100 1 _aԳյոթե, Յոհան Վոլֆգանգ,
_d1749-1832
245 1 0 _aՖաուսթ :
_bԹատրերգութիւն /
_cԿէօթէ ; Թարգմ.՝ Մ. Նուպարեան.
260 _aԶմիւռնիա :
_bտպ. Քէշիշեան,
_c1909.
300 _a(3 գիրք մեկ կազմի մեջ) ; 182 էջ ;
_c17 սմ.
500 _aԱլիգ 2
501 _aՄեկ կազմի մեջ՝ Օպէրլէները կամ Ալզասցի ընտանիք մը: Թատերախաղ 5 արարուած: Ռընէ Պազէնի վէպէն քաղուած / Է. Արօքուր։ Կ. Պոլիս: տպ. Նշան-Պապիկեան։ 1910։ - Ալիգ 1 ; Տունէն Ներս / Միսաք Ա․ Մ․ Գօչունեան[Քասիմ]։ Կ․ Պօլիս։ տպ․ Զ․ Պէրպէրեան։ 1907։ - Ալիգ 3
650 1 4 _aԳերմանական գրականություն
_xԹատերգություն
700 1 _aՆուպարեան, Մեսրոպ
_eթարգմ.
_4trl
_95606
942 _2udc
_cBK
_n0
999 _c540186
_d540186